• 首页
  • 本馆介绍
  • 公告通知
  • 最新文献
  • 馆藏检索
  • 电子资源
  • 读者导购
  • 参考咨询
  • 我的图书馆
  • 登录
  • 详细信息显示
  • 放入我的书架
  • 预约/预借图书
  • 作者相关作品
  • 分类相关作品
  • 丛书相关作品
  • 出版社相关作品

书目信息

  • 表格格式
  • 工作单格式
  • 卡片格式
题名:
财务报告案例
    
 
作者: 赫斯特 , Hirst , 麦卡纳利 , McAnally 著 ;周小梅 译
分册:  
出版信息: 北京   北京大学出版社  2005
页数: 340页
开本: 25cm
丛书名: 培文书系
单 册:
中图分类: F231.5
科图分类:
主题词: 企业--会计报表--案例--世界 , 企业 , 会计报表
电子资源:
ISBN: 7-301-06089-0
000 01424oam2 2200361 450
001 012007542736
005 20070626112153.81
010    @a7-301-06089-0@dCNY35.00
100    @a20070515d2005 km y0chiy0120 ea
101 1  @achi@ceng
102    @aCN@b110000
105    @aa z 000yy
106    @ar
200 1  @a财务报告案例@Acai wu bao gao an li@f(美)D. 埃里克·赫斯特(D. Eric Hirst),(美)玛丽·利·麦卡纳利(Mary Lea McAnally)著@F(mei)D.ai li ke·he si te(D.Eric Hirst),(mei)ma li·li·mai ka na li(Mary Lea McAnally)zhu@g周小梅等译@Gzhou xiao mei deng yi
205    @a4版
210    @a北京@c北京大学出版社@d2005
215    @a340页@d25cm
225 2  @a培文书系@i管理科学系列
306    @aPearson Education授权出版发行
330    @a本书是一本财务会计案例汇编,用以帮助读者成为一名财务报表使用者。通过阅读这些财务报表及观察财务报告方面的细微差别,并对时下那些焦点性的财务问题作出回答,将加快学生对会计概念和技能的获得。
462  1 @12001 @a管理科学系列
510 1  @aCases in financial reporting@zeng
606 0  @a企业@x会计报表@x案例@y世界
606 0  @a企业
606 0  @a会计报表
690    @aF231.5@v4
701  1 @c(美)@a赫斯特@Ahe si te@bD. 埃里克@4著
701  1 @c(美)@aHirst@bD. Eric@4著
701  1 @c(美)@a麦卡纳利@Amai ka na li@b玛丽·利@4著
701  1 @c(美)@aMcAnally@bMary Lea@4著
702  0 @a周小梅@Azhou xiao mei@4译
801  0 @aCN@bRULIN@c20070626
905    @dF231.5@e239=4@s8
    
    财务报告案例/(美)D. 埃里克·赫斯特(D. Eric Hirst),(美)玛丽·利·麦卡纳利(Mary Lea McAnally)著/周小梅等译.-4版.-北京:北京大学出版社,2005
    340页;25cm.-(培文书系.管理科学系列)
    
    
    ISBN 7-301-06089-0:CNY35.00
    本书是一本财务会计案例汇编,用以帮助读者成为一名财务报表使用者。通过阅读这些财务报表及观察财务报告方面的细微差别,并对时下那些焦点性的财务问题作出回答,将加快学生对会计概念和技能的获得。
●
相关链接 在E读中查询图书 在五车中查询图书 在当当中查询图书 在豆瓣中查询图书


正题名:财务报告案例     索取号:F231.5/239=4         预约/预借

序号 登录号 条形码 馆藏地/架位号 状态 备注
1 0579813   205798136   第一样本阅览室/ [索取号:F231.5/239=4] 在馆    
2 0579814   205798145   第一借阅区/ [索取号:F231.5/239=4] 在馆    
3 0579815   205798154   第一借阅区/ [索取号:F231.5/239=4] 在馆    
4 0579816   205798163   第一借阅区/ [索取号:F231.5/239=4] 在馆    
5 0579817   205798172   第一借阅区/ [索取号:F231.5/239=4] 在馆    
6 0579818   205798181   第一借阅区/ [索取号:F231.5/239=4] 在馆    
7 0579819   205798190   第一借阅区/ [索取号:F231.5/239=4] 在馆    
8 0579820   205798207   第一借阅区/ [索取号:F231.5/239=4] 在馆    
唐山师范学院图书馆 欢迎您!
大连网信软件有限公司© 版权所有